| 000 | 00594nam a2200229Ia 4500 | ||
|---|---|---|---|
| 005 | 20260320201537.0 | ||
| 008 | 008 262003s9999 xx 000 0 eng d | ||
| 037 | _aEBOOK | ||
| 040 | _aCRL | ||
| 040 | _beng | ||
| 040 | _cCRL | ||
| 041 | _2eng | ||
| 041 | _aeng | ||
| 084 | _qCRL | ||
| 100 | _aYoung | ||
| 245 | 0 | _aCritical Analysis of Prototype Autonomous Vehicle Crash Rates: Six Scientific Studies from 2015–2018 | |
| 260 | _bIEEE | ||
| 856 | _uhttps://ieeexplore.ieee.org/servlet/opac?bknumber=9677564 | ||
| 942 | _cEBOOK | ||
| 999 |
_c1721912 _d1721912 |
||